INTRODUCTION TO ALGORITHMS (Record no. 187)

MARC details
000 -LEADER
fixed length control field 00412nam a22001697a 4500
005 - DATE AND TIME OF LATEST TRANSACTION
control field 20260119125357.0
008 - FIXED-LENGTH DATA ELEMENTS--GENERAL INFORMATION
fixed length control field 160428b xxu||||| |||| 00| 0 eng d
020 ## - INTERNATIONAL STANDARD BOOK NUMBER
ISBN 81-2032141-3
041 ## - LANGUAGE CODE
Language code of text/sound track or separate title eng
082 ## - DEWEY DECIMAL CLASSIFICATION NUMBER
Item number 005.1
100 ## - MAIN ENTRY--AUTHOR NAME
Personal name Cormen, Thomas H.
245 ## - TITLE STATEMENT
Title INTRODUCTION TO ALGORITHMS
260 ## - PUBLICATION, DISTRIBUTION, ETC. (IMPRINT)
Place of publication New Delhi
Name of publisher PHI Pvt Ltd.
Year of publication 2005
300 ## - PHYSICAL DESCRIPTION
Number of Pages 1180
650 ## - SUBJECT ADDED ENTRY--TOPICAL TERM
Topical Term Information Technology
942 ## - ADDED ENTRY ELEMENTS (KOHA)
Koha item type Books
Holdings
Lost status Damaged status Collection code Home library Current library Shelving location Date acquired Cost, normal purchase price Full call number Accession Number Koha item type
    CS/IT JRU Library JRU Library SHELF-49-I 28/04/2016 350.00 005.1 00649 Books
      JRU Library   SHELF-72-E 28/04/2016 350.00 00649 00650 Books